[Event "1st Capablanca Mem IM"]
[Site "Heraklion GRE"]
[Date "2017.04.20"]
[Round "5.1"]
[White "Taylor,Adam C"]
[Black "Triantos,Konstantinos"]
[Result "1-0"]
[WhiteElo "2231"]
[BlackElo "2051"]

1.Nf3 c5 2.g3 g6 3.c4 Bg7 4.Nc3 Nc6 5.Bg2 e6 6.O-O Nge7 7.d3 O-O 8.e4 d6 9.Be3
Nd4 10.Rc1 Nec6 11.a3 a6 12.b4 Bd7 13.Bxd4 Nxd4 14.Nxd4 Bxd4 15.Qb3 Rb8 16.Ne2
Bf6 17.Rfd1 b5 18.cxb5 cxb4 19.e5 Bxe5 20.d4 Bxb5 21.dxe5 Bxe2 22.Rd2 bxa3
23.Qxa3 Bb5 24.exd6 Qf6 25.d7 Rfd8 26.Bc6 Bxc6 27.Rxc6 Rb7 28.Rcd6 Qe7 29.Qxa6
Rc7 30.Qd3 Qf6 31.Rd1 Qc3 32.Qe4 Qc2 33.Qe3 Qc5 34.Qd2 Qb5 35.h4 h5 36.Qd4 Kh7
37.Kg2 Qb7+ 38.Kh2 Qf3 39.Rd3 Qb7 40.Qa4 Rc1 41.Rd1 Rc5 42.Qf4 Rf5 43.Qe3 Rd5
44.R1xd5 {#r} 1-0

[Event "1st Capablanca Mem IM"]
[Site "Heraklion GRE"]
[Date "2017.04.20"]
[Round "5.3"]
[White "Vuelban,V"]
[Black "Van Heirzeele,D"]
[Result "1-0"]
[WhiteElo "2257"]
[BlackElo "2146"]

1.e4 c5 2.Nf3 d6 3.d4 cxd4 4.Qxd4 Nc6 5.Bb5 Bd7 6.Bxc6 Bxc6 7.Nc3 Nf6 8.Bg5 e6
9.O-O-O Be7 10.Rhe1 Qa5 11.Kb1 O-O 12.Qd2 Qa6 13.Nd4 Rac8 14.f3 b5 15.g4 Qb7
16.Nce2 Rc7 17.Ng3 Qc8 18.Bxf6 Bxf6 19.g5 Bxd4 20.Qxd4 Rd8 21.f4 Rcd7 22.Nh5
e5 23.Qg1 Kh8 24.f5 d5 25.exd5 Bxd5 26.f6 g6 27.Ng3 Qc4 28.b3 Qf4 29.Qe3 Qg4
30.Qxe5 {#r} 1-0

[Event "20th Heraklion Open 2017"]
[Site "Heraklion GRE"]
[Date "2017.04.20"]
[Round "5.6"]
[White "Pelantakis,Mihail"]
[Black "Friedel,M"]
[Result "0-1"]
[WhiteElo "1737"]
[BlackElo "2182"]

1.c4 c6 2.Nf3 d5 3.e3 Nf6 4.Nc3 a6 5.b3 Bg4 6.d4 b5 7.Qc2 Bxf3 8.gxf3 e6 9.Bb2
g6 10.Bd3 Nbd7 11.Ne2 Be7 12.Ng1 O-O 13.f4 Qa5+ 14.Bc3 Bb4 15.Bxb4 Qxb4+
16.Qd2 Qxd2+ 17.Kxd2 bxc4 18.bxc4 dxc4 19.Bxc4 Ne4+ 20.Ke1 Rfb8 21.Bd3 Ndf6
22.f3 Nc3 23.Kd2 Ncd5 24.Rc1 Rb2+ 25.Rc2 Rab8 26.a4 Rxc2+ 27.Bxc2 Rb2 28.Kc1
Ra2 29.Bb3 Ra1+ 30.Kd2 Nxe3 {#R} 0-1

[Event "20th Heraklion Open 2017"]
[Site "Heraklion GRE"]
[Date "2017.04.20"]
[Round "5.11"]
[White "Kiriakakis,Ioannis"]
[Black "Brokalakis - Gounaris,Christos"]
[Result "0-1"]
[WhiteElo "1534"]
[BlackElo "1773"]

1.d4 Nf6 2.c4 e6 3.Nc3 Bb4 4.e3 d5 5.cxd5 exd5 6.Ne2 O-O 7.a3 Bd6 8.Ng3 Re8
9.Bd3 c6 10.O-O Nbd7 11.Bd2 Nf8 12.Qc2 Bxg3 13.hxg3 Bg4 14.b4 Rc8 15.b5 cxb5
16.Bxb5 Re7 17.Qb3 Bf5 18.f3 a6 19.Be2 Rec7 20.Rfc1 Ne6 21.Be1 Qe7 22.Qd1 Nd8
23.Qd2 h6 24.Bf2 Bh7 25.Bd1 Qd6 26.Bb3 Rc6 27.Qb2 b5 28.Ne2 Nb7 29.Rxc6 Rxc6
30.Rc1 Na5 31.a4 Rxc1+ 32.Nxc1 Qb4 33.axb5 axb5 34.Qa2 Qc3 35.Ne2 Qxb3 36.Qxa5
g5 37.Nc3 b4 38.Nb5 Qd1+ 39.Kh2 b3 40.Qd8+ Kg7 41.Nd6 b2 {#R} 0-1

[Event "Reykjavik Open 2017"]
[Site "Reykjavik ISL"]
[Date "2017.04.21"]
[Round "4.4"]
[White "Jones,G"]
[Black "Friedel,J"]
[Result "1-0"]
[WhiteElo "2671"]
[BlackElo "2524"]

1.c4 e6 2.g3 Nf6 3.Bg2 d5 4.Nf3 Be7 5.O-O O-O 6.d4 dxc4 7.Na3 Bxa3 8.bxa3 Nbd7
9.a4 a5 10.Ba3 Re8 11.Rc1 Nb6 12.Ne5 Nfd5 13.e4 Nb4 14.Qh5 Qe7 15.Nxc4 Nxc4
16.Rxc4 b6 17.Rfc1 Ra7 18.Qe5 f6 19.Qh5 Rd8 20.d5 Ba6 21.Rc6 exd5 22.exd5 Qe8
23.Qxe8+ Rxe8 24.Bxb4 axb4 25.h4 Re7 26.h5 Bd3 27.d6 cxd6 28.Rc8+ {#r} 1-0

[Event "Reykjavik Open 2017"]
[Site "Reykjavik ISL"]
[Date "2017.04.21"]
[Round "4.8"]
[White "Gupta,Ab"]
[Black "Abrahamyan,T"]
[Result "1-0"]
[WhiteElo "2607"]
[BlackElo "2364"]

1.d4 e6 2.c4 Nf6 3.Nc3 Bb4 4.e3 O-O 5.Ne2 d5 6.a3 Be7 7.cxd5 exd5 8.Nf4 c6
9.Bd3 Na6 10.O-O Nc7 11.Bd2 Ne6 12.Nfe2 Re8 13.f3 b6 14.Be1 c5 15.Bf2 g6
16.Qd2 cxd4 17.exd4 a6 18.g4 Bb7 19.Ng3 Bd6 20.Nce2 b5 21.Be3 Nd7 22.f4 Nb6
23.f5 Nf8 24.b3 Qh4 25.Bf4 Bxf4 26.Qxf4 Qe7 27.Kf2 Rac8 28.Qh6 Bc6 29.Rae1
Nbd7 30.h3 Nf6 31.Nf4 Qd6 32.Kg2 N8d7 33.fxg6 fxg6 34.Bxg6 hxg6 35.Qxg6+ Kh8
36.Nfh5 {#r} 1-0

[Event "Reykjavik Open 2017"]
[Site "Reykjavik ISL"]
[Date "2017.04.21"]
[Round "4.9"]
[White "Jobava,Ba"]
[Black "Kanmazalp,O"]
[Result "1-0"]
[WhiteElo "2712"]
[BlackElo "2448"]

1.d4 d5 2.c4 e6 3.Nc3 c6 4.cxd5 exd5 5.Nf3 Nf6 6.g3 Bd6 7.Bg2 O-O 8.Bf4 Re8
9.e3 Bxf4 10.gxf4 Ne4 11.Nxe4 dxe4 12.Ne5 Bf5 13.O-O Nd7 14.Qb3 Re7 15.Rfc1
Nb6 16.Qd1 f6 17.Nc4 Nd5 18.Kh1 Qd7 19.Qb3 Kh8 20.Qa3 Rg8 21.Rg1 g5 22.fxg5
Rxg5 23.Qd6 Qe8 24.h3 Reg7 25.Qh2 Qe6 26.Nd6 Bg6 27.h4 Rh5 28.Bf1 f5 29.Be2 f4
30.Bxh5 Bxh5 31.Rxg7 Kxg7 32.Qg2+ Kf8 33.Nxe4 f3 34.Qg3 Qxe4 35.Rg1 Qe6
36.Qg7+ Ke8 37.Qg8+ Qxg8 38.Rxg8+ Kf7 39.Ra8 Bg4 40.Rxa7 Bc8 41.Kh2 Nf6 42.Kg3
Bg4 43.Rxb7+ Ke6 44.Rxh7 {#r} 1-0

[Event "Reykjavik Open 2017"]
[Site "Reykjavik ISL"]
[Date "2017.04.21"]
[Round "4.9"]
[White "Jobava,Ba"]
[Black "Kanmazalp,O"]
[Result "1-0"]
[WhiteElo "2712"]
[BlackElo "2448"]

1.d4 d5 2.c4 e6 3.Nc3 c6 4.cxd5 exd5 5.Nf3 Nf6 6.g3 Bd6 7.Bg2 O-O 8.Bf4 Re8
9.e3 Bxf4 10.gxf4 Ne4 11.Nxe4 dxe4 12.Ne5 Bf5 13.O-O Nd7 14.Qb3 Re7 15.Rfc1
Nb6 16.Qd1 f6 17.Nc4 Nd5 18.Kh1 Qd7 19.Qb3 Kh8 20.Qa3 Rg8 21.Rg1 g5 22.fxg5
Rxg5 23.Qd6 Qe8 24.h3 Reg7 25.Qh2 Qe6 26.Nd6 Bg6 27.h4 Rh5 28.Bf1 f5 29.Be2 f4
30.Bxh5 Bxh5 31.Rxg7 Kxg7 32.Qg2+ Kf8 33.Nxe4 f3 34.Qg3 Qxe4 35.Rg1 Qe6
36.Qg7+ Ke8 37.Qg8+ Qxg8 38.Rxg8+ Kf7 39.Ra8 Bg4 40.Rxa7 Bc8 41.Kh2 Nf6 42.Kg3
Bg4 43.Rxb7+ Ke6 44.Rxh7 Kd5 {#r} 1-0

[Event "Reykjavik Open 2017"]
[Site "Reykjavik ISL"]
[Date "2017.04.21"]
[Round "4.11"]
[White "Movsesian,S"]
[Black "Thorhallsson,T"]
[Result "1-0"]
[WhiteElo "2677"]
[BlackElo "2423"]

1.e4 c5 2.Nf3 d6 3.d4 cxd4 4.Nxd4 Nf6 5.Nc3 Nc6 6.Nb3 e6 7.f4 Be7 8.Be3 O-O
9.Qf3 a6 10.Bd3 Qc7 11.O-O Re8 12.Kh1 Nb4 13.Rac1 Bd7 14.a3 Nxd3 15.cxd3 Bc6
16.Nd4 Qd7 17.g4 Qd8 18.f5 e5 19.Nxc6 bxc6 20.g5 Nd7 21.f6 gxf6 22.gxf6 Bxf6
23.Ne2 c5 24.Bh6 Kh8 25.Rg1 Qe7 26.Nc3 Rg8 27.Nd5 Qe6 28.Nc7 {#r} 1-0

[Event "Reykjavik Open 2017"]
[Site "Reykjavik ISL"]
[Date "2017.04.21"]
[Round "4.13"]
[White "Sarkar,J"]
[Black "Yilmaz,M"]
[Result "0-1"]
[WhiteElo "2390"]
[BlackElo "2614"]

1.e4 c5 2.Nf3 e6 3.d4 cxd4 4.Nxd4 Nc6 5.Nc3 Qc7 6.Be3 a6 7.Qf3 d6 8.O-O-O Bd7
9.Qg3 Nf6 10.f3 Rc8 11.Nxc6 Bxc6 12.Kb1 b5 13.Bd3 e5 14.a3 Qb7 15.Bg5 Be7
16.Be2 O-O 17.Bxf6 Bxf6 18.Nd5 Bd8 19.Nb4 a5 20.Nxc6 Qxc6 21.Bd3 b4 22.b3 bxa3
23.Qe1 Bb6 24.Ka2 Qc7 25.Bc4 a4 26.Rd5 Bd4 27.Qb4 Bc5 28.Qd2 Rb8 29.Rd3 Kh8
30.h4 Bd4 31.h5 Qe7 32.Bd5 Rfc8 33.b4 Rxb4 34.Kxa3 Bc5 35.Ka2 Rcb8 36.c3 R4b6
37.g4 h6 38.Rc1 a3 39.Qd1 Rb2+ 40.Ka1 a2 {#R} 0-1

[Event "Reykjavik Open 2017"]
[Site "Reykjavik ISL"]
[Date "2017.04.21"]
[Round "4.14"]
[White "Landa,K"]
[Black "Timmermans,M"]
[Result "1-0"]
[WhiteElo "2611"]
[BlackElo "2385"]

1.d4 Nf6 2.c4 e6 3.Nc3 d5 4.cxd5 exd5 5.Bg5 c6 6.e3 Be7 7.Bd3 Nbd7 8.Nge2 Nh5
9.Bxe7 Qxe7 10.Qd2 Nb6 11.O-O O-O 12.f3 f5 13.Rae1 Bd7 14.Nc1 Rae8 15.Qf2 Nc8
16.Bb1 Nd6 17.Nd3 Bc8 18.Re2 Qg5 19.f4 Qd8 20.Ne5 Nf6 21.h3 Nfe4 22.Qe1 Re6
23.b4 Nf7 24.Bxe4 dxe4 25.b5 Qa5 26.Rb2 c5 27.Nxf7 Rxf7 28.dxc5 Qa3 29.Rb3
Qxc5 30.Ne2 Bd7 31.Nd4 Rd6 32.Qa1 Be6 33.Rc3 Qb6 34.a4 Rxd4 35.exd4 Qxd4+
36.Kh2 Qd2 37.Qc1 Qd4 38.Rd1 Qb6 39.Qa3 Bd7 40.Rd6 Qd8 41.Qc5 Qh4 42.Qe5 h5
43.Rc7 Re7 44.g3 {#r} 1-0

[Event "Reykjavik Open 2017"]
[Site "Reykjavik ISL"]
[Date "2017.04.21"]
[Round "4.15"]
[White "Stefansson,H"]
[Black "Henderson de La Fuente,Lance"]
[Result "1-0"]
[WhiteElo "2566"]
[BlackElo "2372"]

1.d4 Nf6 2.c4 e6 3.Nf3 b6 4.g3 Ba6 5.b3 Bb4+ 6.Bd2 Be7 7.Nc3 c6 8.e4 d5 9.exd5
cxd5 10.Ne5 Nfd7 11.cxd5 Nxe5 12.Bxa6 Nxa6 13.dxe5 exd5 14.Qg4 Kf8 15.O-O h5
16.Qf3 Nc7 17.Rad1 Qd7 18.Be3 Rd8 19.h4 Qg4 20.Kg2 Bb4 21.Ne2 Bc5 22.Bg5 Rd7
23.Rd3 Kg8 24.Rfd1 Kh7 25.Nf4 Qxf3+ 26.Kxf3 d4 27.b4 Bxb4 28.Rxd4 Rxd4 29.Rxd4
Bc3 30.Rd7 Ne6 31.Nxe6 fxe6 32.Ke4 Kg6 33.Re7 Ra8 34.Rxe6+ Kf7 35.Re7+ Kf8
36.Rb7 Bb4 {#r} 1-0

[Event "Reykjavik Open 2017"]
[Site "Reykjavik ISL"]
[Date "2017.04.21"]
[Round "4.17"]
[White "Harika,D"]
[Black "Burrows,M"]
[Result "1-0"]
[WhiteElo "2521"]
[BlackElo "2113"]

1.Nf3 Nf6 2.g3 g6 3.Bg2 Bg7 4.O-O O-O 5.d4 d6 6.b3 c5 7.c4 cxd4 8.Nxd4 a6
9.Bb2 Nbd7 10.Nd2 Nc5 11.b4 Ne6 12.N2b3 Nxd4 13.Bxd4 Be6 14.c5 d5 15.Rc1 Qd7
16.Qd2 h5 17.Rfd1 Rfd8 18.Qe1 Qa4 19.c6 bxc6 20.Nc5 Qb5 21.a4 Qb8 22.Nxe6 fxe6
23.Rxc6 e5 24.Rb6 Qa7 25.Rxf6 exd4 26.Rxg6 Rac8 27.Qd2 e5 28.Bh3 Rc7 29.Qg5
Re8 30.Be6+ {#r} 1-0

[Event "Reykjavik Open 2017"]
[Site "Reykjavik ISL"]
[Date "2017.04.21"]
[Round "4.22"]
[White "Can,E"]
[Black "Ptacnikova,L"]
[Result "1-0"]
[WhiteElo "2578"]
[BlackElo "2242"]

1.Nf3 c5 2.c4 Nf6 3.d4 cxd4 4.Nxd4 Nc6 5.Nc3 Nxd4 6.Qxd4 g6 7.e4 Bg7 8.e5 Ng8
9.Bf4 d6 10.c5 Bxe5 11.Bxe5 dxe5 12.Bb5+ Bd7 13.Qxe5 f6 14.Qe3 Bxb5 15.Nxb5
Qa5+ 16.Nc3 Rc8 17.O-O Qxc5 18.Qh3 Qf5 19.Qh4 Kf7 20.Rad1 h5 21.Qa4 h4 22.h3
g5 23.Rfe1 Rh7 24.Rd7 Rg7 25.Qb3+ Ke8 26.Rd5 Qf4 27.Qxb7 Qc7 28.Qa6 Qc6
29.Qxa7 g4 30.hxg4 Rxg4 31.Qe3 Kf7 32.Qe2 Rg6 33.Qb5 Qa8 34.Qd3 Rb8 35.Re2 Rb4
36.Re4 Rxb2 37.Rxh4 Nh6 38.Qh3 Qa7 39.Nd1 Qxa2 40.Rxh6 Qxd5 41.Rh7+ Kg8
42.Rh8+ Kf7 43.Nxb2 {#r} 1-0

[Event "Reykjavik Open 2017"]
[Site "Reykjavik ISL"]
[Date "2017.04.21"]
[Round "4.24"]
[White "Panchanathan,M"]
[Black "Della Pietra,A"]
[Result "1-0"]
[WhiteElo "2494"]
[BlackElo "2228"]

1.Nf3 f5 2.c4 Nf6 3.g3 d6 4.d4 e6 5.Bg2 Be7 6.Nc3 Ne4 7.Qd3 Nxc3 8.bxc3 O-O
9.O-O Nc6 10.e4 e5 11.Re1 f4 12.dxe5 dxe5 13.Qd5+ Kh8 14.Nxe5 Nxe5 15.Qxe5 f3
16.Bf1 Bf6 17.Qa5 b6 18.Qd5 Qxd5 19.cxd5 Bxc3 20.Bf4 Bxa1 21.Rxa1 Bd7 22.Bxc7
Rfe8 23.Bd3 Rac8 24.Rc1 g5 25.h4 gxh4 26.e5 Re7 27.Ba6 Rce8 28.e6 Bxe6 29.Be5+
Kg8 30.dxe6 hxg3 31.fxg3 h5 32.Rc6 Kh7 33.Bd3+ Kh6 34.Bf4+ Kg7 35.Bc4 b5
36.Bd5 Kf6 37.Kf2 Rd8 38.Bd6 Ree8 39.Kxf3 h4 40.gxh4 Rh8 41.e7 {#r} 1-0

[Event "Reykjavik Open 2017"]
[Site "Reykjavik ISL"]
[Date "2017.04.21"]
[Round "4.25"]
[White "Kunte,A"]
[Black "Ristoja,S"]
[Result "1-0"]
[WhiteElo "2491"]
[BlackElo "2228"]

1.d4 Nf6 2.c4 e6 3.g3 d5 4.Bg2 dxc4 5.Nf3 Bd7 6.O-O Bc6 7.a4 a6 8.Bg5 Nbd7
9.Nbd2 b5 10.e4 h6 11.Bxf6 Nxf6 12.d5 Bb7 13.dxe6 fxe6 14.e5 Nd5 15.Nd4 Qd7
16.axb5 axb5 17.Rxa8+ Bxa8 18.Qg4 Bb4 19.Nxe6 Bxd2 20.Ra1 Bc6 21.Bxd5 Bxd5
22.Qg6+ Qf7 23.Nxc7+ Kd8 24.Ra8+ Kxc7 25.Ra7+ {#r} 1-0

[Event "Reykjavik Open 2017"]
[Site "Reykjavik ISL"]
[Date "2017.04.21"]
[Round "4.28"]
[White "Edvardsson,K"]
[Black "Torre,E"]
[Result "0-1"]
[WhiteElo "2228"]
[BlackElo "2455"]

1.d4 d6 2.c4 e5 3.Nf3 e4 4.Ng5 f5 5.Nc3 c6 6.d5 Be7 7.Nh3 Na6 8.g3 Nf6 9.Bg2
Nc7 10.O-O O-O 11.f3 cxd5 12.cxd5 exf3 13.exf3 Nd7 14.Be3 Bf6 15.Rc1 Re8
16.Bf2 Ne5 17.Re1 Bd7 18.Nf4 Bg5 19.Nce2 Ng6 20.Qb3 Bxf4 21.Nxf4 Nxf4 22.gxf4
b6 23.Bf1 Rxe1 24.Rxe1 Be8 25.Bd3 g6 26.Rxe8+ Qxe8 27.Qc3 Qd7 28.Qd4 Rc8
29.Be1 Qg7 30.Qc4 b5 31.Qb4 a5 32.Qxd6 Qd4+ 33.Bf2 Qxd5 34.Qxd5+ Nxd5 35.Bxb5
Nxf4 36.Bd4 Rc2 37.Kf1 Rxh2 38.Be5 g5 39.Bc4+ Kf8 40.Bd6+ Kg7 41.b4 axb4
42.Bxb4 Kg6 43.a4 Rh1+ 44.Kf2 Rh4 {#R} 0-1

[Event "Reykjavik Open 2017"]
[Site "Reykjavik ISL"]
[Date "2017.04.21"]
[Round "4.30"]
[White "Christiansen,Johan-Sebastian"]
[Black "Entem,A"]
[Result "1-0"]
[WhiteElo "2429"]
[BlackElo "2200"]

1.Nf3 g6 2.c4 Bg7 3.d4 Nf6 4.g3 O-O 5.Bg2 d6 6.O-O Nbd7 7.Nc3 e5 8.b3 Re8 9.e4
exd4 10.Nxd4 c6 11.Be3 Nc5 12.f3 a5 13.Qd2 h5 14.Rad1 Qe7 15.Nde2 Bf8 16.Bg5
Ne6 17.Bh4 g5 18.Bxg5 Nxe4 19.Bxe7 Nxd2 20.Bxf8 Nxf1 21.Bh6 Nxh2 22.Kxh2 a4
23.Ne4 Rd8 24.Nf6+ Kh8 25.b4 d5 26.c5 d4 27.g4 d3 28.Ng3 Ng7 29.Nge4 Rd4
30.Nd6 Be6 31.a3 hxg4 32.fxg4 Bb3 33.Rd2 Rb8 34.Be3 {#r} 1-0

[Event "Reykjavik Open 2017"]
[Site "Reykjavik ISL"]
[Date "2017.04.21"]
[Round "4.31"]
[White "Tokranovs,Dmitrijs"]
[Black "Sachdev,T"]
[Result "0-1"]
[WhiteElo "2227"]
[BlackElo "2429"]

1.d4 Nf6 2.Bg5 d5 3.e3 g6 4.Nd2 Bg7 5.Bd3 O-O 6.c3 Re8 7.f4 c5 8.Ngf3 Nc6
9.O-O Qb6 10.Rb1 Ng4 11.Qe2 f6 12.Bh4 e5 13.fxe5 fxe5 14.Ng5 exd4 15.Qf3 Nce5
16.Qxd5+ Be6 17.Nxe6 Qxe6 18.Be4 Nxe3 19.Qxb7 Rab8 20.Qxa7 Nxf1 21.Rxf1 Rxb2
22.Qxc5 Nd7 23.Qa5 Nb6 24.Rc1 Rxd2 25.cxd4 Nc4 {#R} 0-1

[Event "Reykjavik Open 2017"]
[Site "Reykjavik ISL"]
[Date "2017.04.21"]
[Round "4.33"]
[White "Ahlander,B"]
[Black "Motycakova,M"]
[Result "1-0"]
[WhiteElo "2416"]
[BlackElo "2162"]

1.d4 d5 2.c4 c6 3.Nf3 Nf6 4.Nc3 e6 5.Bg5 Nbd7 6.e3 Qa5 7.Nd2 Bb4 8.Qc2 O-O
9.Be2 c5 10.O-O cxd4 11.Nb3 Qd8 12.Nxd4 Bxc3 13.bxc3 dxc4 14.Bxc4 Qe7 15.Be2
h6 16.Bh4 Ne5 17.Rfd1 Rd8 18.Rab1 Ng6 19.Bg3 e5 20.Nf5 Bxf5 21.Qxf5 Rac8
22.Rxd8+ Rxd8 23.Bc4 Qc5 24.Bb3 Kf8 25.h4 h5 26.Qf3 e4 27.Qe2 Qxc3 28.Qb5 b6
29.Qa4 Rd7 30.Qa3+ Qc5 31.Qb2 Rd8 32.Rc1 Qb4 33.Qe2 Kg8 34.Qa6 Rd7 35.Qc8+ Kh7
36.Qc6 Qe7 37.Qb5 Qd8 38.Qf5 Qe7 39.Bf4 Kg8 40.Qxg6 Nd5 41.Rc8+ Rd8 42.Rxd8+
Qxd8 43.Qd6 {#r} 1-0

[Event "Reykjavik Open 2017"]
[Site "Reykjavik ISL"]
[Date "2017.04.21"]
[Round "4.34"]
[White "Mesman,Edwyn"]
[Black "Tarjan,J"]
[Result "0-1"]
[WhiteElo "2199"]
[BlackElo "2414"]

1.d4 f5 2.c4 Nf6 3.Nf3 e6 4.g3 d5 5.Bg2 c6 6.O-O Bd6 7.b3 O-O 8.Bb2 Bd7 9.Qc2
Be8 10.e3 Nbd7 11.Nbd2 Ng4 12.a3 Qf6 13.b4 Qh6 14.Qb3 g5 15.Rfe1 Ndf6 16.h3
Nxf2 17.Kxf2 Ne4+ 18.Ke2 g4 19.hxg4 fxg4 20.Nxe4 gxf3+ 21.Bxf3 dxe4 22.Bxe4
Rf2+ 23.Kd3 Bg6 24.Bxg6 Qxg6+ 25.Kc3 Raf8 26.Qd1 Bxg3 27.Rc1 Qe4 28.Kb3 R8f3
29.Ka2 Rxb2+ 30.Kxb2 Bxe1 31.Qxe1 Rxe3 32.Qd1 Rd3 33.Qg1+ Kh8 34.Re1 Rd2+ {#R}
0-1

[Event "Reykjavik Open 2017"]
[Site "Reykjavik ISL"]
[Date "2017.04.21"]
[Round "4.35"]
[White "Batchimeg,Tuvshintugs"]
[Black "Heimisson,Hilmir Freyr"]
[Result "1-0"]
[WhiteElo "2394"]
[BlackElo "2152"]

1.d4 d5 2.c4 c6 3.Nf3 Nf6 4.e3 Bf5 5.Nc3 a6 6.Qb3 b5 7.cxd5 Nxd5 8.a4 b4
9.Nxd5 cxd5 10.Qxb4 e6 11.Qb7 Nd7 12.Bd2 Rb8 13.Qxa6 Ra8 14.Qb5 f6 15.a5 Be7
16.Bc3 O-O 17.Qa4 Qc7 18.Be2 Nb6 19.Qa2 Nc8 20.O-O Nd6 21.Rfc1 Qb8 22.Be1 g5
23.Rc6 Ne4 24.a6 Bd6 25.a7 Qe8 26.Rac1 Qh5 27.Qa6 Qf7 28.Rxd6 Nxd6 29.Qxd6
Rxa7 30.Bb4 Rfa8 31.Ba3 Rd7 32.Qc6 Raa7 33.Bc5 Rdc7 34.Qd6 {#r} 1-0

[Event "Reykjavik Open 2017"]
[Site "Reykjavik ISL"]
[Date "2017.04.21"]
[Round "4.36"]
[White "Thorgeirsson,Jon Kristinn"]
[Black "Pfreundt,Jakob"]
[Result "0-1"]
[WhiteElo "2189"]
[BlackElo "2392"]

1.e4 c5 2.Nf3 Nc6 3.Bb5 d6 4.Bxc6+ bxc6 5.h3 e5 6.O-O Nf6 7.Re1 Be7 8.c3 O-O
9.d4 exd4 10.cxd4 d5 11.exd5 Nxd5 12.Nc3 Nxc3 13.bxc3 Be6 14.Ne5 Rc8 15.Qa4
Qc7 16.Nxc6 Qxc6 17.Qxc6 Rxc6 18.d5 Ra6 19.dxe6 fxe6 20.Rb1 Bf6 21.Be3 Bxc3
22.Rec1 Bb4 23.Bxc5 Bxc5 24.Rxc5 Rxa2 25.Rc7 Raxf2 26.Rbb7 R2f7 27.Rxa7 h5
28.Rxf7 Rxf7 29.Ra8+ Kh7 30.Re8 Rf6 31.g4 h4 32.Kg2 g5 33.Re7+ Kg8 34.Ra7 Kf8
35.Ra5 Rg6 36.Ra7 Rg7 37.Rxg7 Kxg7 38.Kf3 Kf6 39.Ke4 Kf7 40.Kd4 Ke8 41.Kc5 Ke7
42.Kc6 e5 43.Kc5 {#R} 0-1

[Event "Reykjavik Open 2017"]
[Site "Reykjavik ISL"]
[Date "2017.04.21"]
[Round "4.37"]
[White "Laustsen,L"]
[Black "Pigott,J"]
[Result "1-0"]
[WhiteElo "2169"]
[BlackElo "2381"]

1.d4 Nf6 2.c4 g6 3.g3 Bg7 4.Bg2 d5 5.cxd5 Nxd5 6.Nf3 Nb6 7.Nc3 Nc6 8.e3 O-O
9.O-O Re8 10.Re1 a5 11.Qe2 e5 12.dxe5 Nxe5 13.Nxe5 Bxe5 14.e4 Bd7 15.Be3 Bc6
16.f4 Bxc3 17.bxc3 Qe7 18.Qf2 Nc4 19.Bc5 Qe6 20.Bd4 Nd6 21.f5 gxf5 22.Bh3 Bxe4
23.Qf4 b6 24.Rxe4 Nxe4 25.Bxf5 Qe7 26.Qh6 f6 27.Bxe4 Qxe4 28.Qxf6 Qg6 29.Qh8+
Kf7 30.Rf1+ Ke7 31.Qe5+ Kd7 32.Qd5+ Ke7 33.Bf6+ Kf8 34.Bd8+ Kg7 35.Qxa8 {#r}
1-0

[Event "Reykjavik Open 2017"]
[Site "Reykjavik ISL"]
[Date "2017.04.21"]
[Round "4.38"]
[White "Barthel,A"]
[Black "Guramishvili,S"]
[Result "0-1"]
[WhiteElo "2166"]
[BlackElo "2363"]

1.e4 c5 2.b3 g6 3.Bb2 Nf6 4.e5 Nd5 5.Qf3 Nb4 6.Na3 Bg7 7.c3 N4c6 8.d4 d6
9.exd6 cxd4 10.Nb5 O-O 11.Nc7 exd6 12.Nxa8 Re8+ 13.Kd1 h5 14.h3 Bf5 15.cxd4
Nxd4 16.Bxd4 Bxd4 17.Rc1 Nc6 18.Bc4 Bb2 19.Bxf7+ Kxf7 20.Rxc6 bxc6 21.g4 hxg4
22.hxg4 Qg5 23.Ne2 Qxg4 {#R} 0-1

[Event "Reykjavik Open 2017"]
[Site "Reykjavik ISL"]
[Date "2017.04.21"]
[Round "4.40"]
[White "Barillaro,L"]
[Black "Soumya,Sw"]
[Result "0-1"]
[WhiteElo "2164"]
[BlackElo "2349"]

1.c4 c5 2.g3 g6 3.Bg2 Bg7 4.Nc3 Nc6 5.Nf3 e6 6.d3 Nge7 7.Bf4 d5 8.cxd5 exd5
9.O-O O-O 10.Rc1 b6 11.h3 Bb7 12.Re1 Qd7 13.Qd2 d4 14.Nb1 Rfe8 15.Na3 Nd5
16.Nc4 Nxf4 17.Qxf4 Rad8 18.Ng5 f5 19.h4 b5 20.Na3 Nb4 21.Bxb7 Qxb7 22.Qd2 Bf8
23.Ra1 Nc6 24.Nf3 c4 25.Nc2 Qd7 26.Rad1 Bg7 27.dxc4 bxc4 28.b3 c3 29.Qd3 Qd5
30.h5 a5 31.Ne3 Qc5 32.Qc4+ Qxc4 33.Nxc4 Nb4 34.hxg6 hxg6 35.Rc1 Bh6 36.a3
Bxc1 37.Rxc1 Rxe2 38.axb4 axb4 39.Kf1 d3 40.Ne3 d2 41.Ra1 Rxe3 42.fxe3 d1=Q+
{#R} 0-1

[Event "Reykjavik Open 2017"]
[Site "Reykjavik ISL"]
[Date "2017.04.21"]
[Round "4.41"]
[White "Kavutskiy,K"]
[Black "Sigeman,J"]
[Result "1-0"]
[WhiteElo "2347"]
[BlackElo "2138"]

1.d4 Nf6 2.Nc3 d5 3.Bf4 Bf5 4.f3 e6 5.g4 Bg6 6.h4 h5 7.g5 Ng8 8.e3 Bd6 9.Nh3
Ne7 10.Bd3 a6 11.Qd2 c5 12.dxc5 Bxc5 13.Be5 O-O 14.Ne2 Qb6 15.Bd4 Bxd4 16.exd4
Qxb2 17.Kf2 Bxd3 18.Qxd3 Rc8 19.c3 b5 20.Nf4 Qa3 21.g6 f6 22.Nxe6 Qd6 23.N2f4
Nd7 24.Rae1 b4 25.cxb4 Qxb4 26.Rb1 Qd6 27.Rb2 Rab8 28.Re2 Ne5 29.dxe5 fxe5
30.Ng5 exf4 31.Rxe7 Qc5+ 32.Kg2 Qxe7 33.Qxd5+ Kh8 34.Nf7+ Kg8 35.Nd6+ Kf8
36.Nxc8 {#r} 1-0

[Event "Reykjavik Open 2017"]
[Site "Reykjavik ISL"]
[Date "2017.04.21"]
[Round "4.42"]
[White "Kvamme,J"]
[Black "Stefansson,Vignir Vatnar"]
[Result "0-1"]
[WhiteElo "2151"]
[BlackElo "2341"]

1.Nf3 e6 2.g3 f5 3.Bg2 Nf6 4.O-O Be7 5.c4 O-O 6.Nc3 d6 7.d3 e5 8.Rb1 Qe8 9.b4
Qh5 10.Qb3 Kh8 11.c5 f4 12.cxd6 Bxd6 13.d4 fxg3 14.fxg3 Bh3 15.Nxe5 Bxg2
16.Kxg2 Nc6 17.Nxc6 Ng4 18.h3 Rxf1 19.Kxf1 bxc6 20.Ne4 Qf5+ {#R} 0-1

[Event "Reykjavik Open 2017"]
[Site "Reykjavik ISL"]
[Date "2017.04.21"]
[Round "4.43"]
[White "L'Ami,Alina"]
[Black "Fridjonsson,J"]
[Result "1-0"]
[WhiteElo "2324"]
[BlackElo "2126"]

1.d4 d5 2.c4 c6 3.Nf3 Nf6 4.Nc3 dxc4 5.a4 Bf5 6.e3 e6 7.Bxc4 Bb4 8.O-O O-O
9.Qe2 Bg4 10.h3 Bxf3 11.Qxf3 Nbd7 12.Rd1 Qe7 13.e4 e5 14.d5 Nb6 15.Bb3 cxd5
16.exd5 e4 17.Qe2 Rad8 18.a5 Nbd7 19.Bf4 Nc5 20.Bc4 a6 21.d6 Qd7 22.Be5 Bxc3
23.Bxc3 Qf5 24.Bxf6 Qxf6 25.b4 Nd3 26.Bxd3 exd3 27.Qxd3 Rd7 28.Rac1 g6 29.Rc4
Rfd8 30.Rd4 h5 31.g3 Kg7 32.Kg2 Kg8 33.f4 Kg7 34.Rd2 Kg8 35.Kf3 Kg7 36.Rd5 Kg8
37.Qd4 Kg7 38.Qe5 Rc8 39.g4 hxg4+ 40.hxg4 Rc3+ 41.R2d3 Rxd3+ 42.Rxd3 g5
43.Qxg5+ Qxg5 44.fxg5 {#r} 1-0

[Event "Reykjavik Open 2017"]
[Site "Reykjavik ISL"]
[Date "2017.04.21"]
[Round "4.45"]
[White "Gislason,G"]
[Black "Doknjas,Joshua"]
[Result "1-0"]
[WhiteElo "2314"]
[BlackElo "2123"]

1.d4 d5 2.Nf3 Nf6 3.g3 b5 4.Bg2 Bb7 5.O-O e6 6.Ne5 c5 7.a4 b4 8.a5 cxd4 9.Qxd4
Qc7 10.Bf4 Bd6 11.c4 Bxe5 12.Qxe5 Qxc4 13.Rc1 Qa6 14.e4 Nbd7 15.Qd4 Bc6 16.Bd6
dxe4 17.Nd2 Bd5 18.Bxb4 Qd3 19.Qxa7 Rb8 20.Bf1 {#r} 1-0

[Event "Reykjavik Open 2017"]
[Site "Reykjavik ISL"]
[Date "2017.04.21"]
[Round "4.46"]
[White "Haessel,D"]
[Black "Kniest,O"]
[Result "0-1"]
[WhiteElo "2095"]
[BlackElo "2301"]

1.d4 Nf6 2.c4 e6 3.Nc3 Bb4 4.e3 d5 5.a3 Bxc3+ 6.bxc3 c6 7.Nf3 O-O 8.Bd3 b6
9.cxd5 cxd5 10.Qe2 Bb7 11.O-O Qc8 12.c4 dxc4 13.Bxc4 Ba6 14.Ne5 Bxc4 15.Nxc4
Nbd7 16.Bb2 Qa6 17.Rfc1 Rac8 18.Qf1 b5 19.Nd2 Qa4 20.Qd3 Nb6 21.e4 Rfd8 22.f3
Nfd7 23.Qe3 Rc2 24.Rxc2 Qxc2 25.Bc3 Rc8 26.Bb4 Nc4 27.Nxc4 Rxc4 28.Qg5 h6
29.Qd8+ Kh7 30.Qxd7 Qb2 31.Re1 Rc2 32.Qd6 Rxg2+ 33.Kh1 Qf2 34.Qf4 Rg6 {#R} 0-1